| 000 | 00606nam a2200157 a 4500 | ||
|---|---|---|---|
| 001 | 4392 | ||
| 003 | CDMR | ||
| 005 | 20130605100434.0 | ||
| 008 | 130130s1990||||||||||||||||||||||||||||d | ||
| 040 |
_aCDMR _bcat _cCDMR |
||
| 110 | 2 |
_93014 _aAsociación de Reporteros Gráficos de la República Argentina |
|
| 245 | 1 | 3 |
_aEl periodismo gráfico argentino _b: 9ª Muestra, edición 89-90 _cAsociación de Reporteros Gráficos de la República Argentina |
| 260 |
_a[Buenos Aires] _c1990 _bAsociación de Reporteros Gráficos de la República Argentina |
||
| 650 | 0 | 4 |
_93679 _aFotoperiodisme _xExposicions |
| 942 |
_cMON _2ddc |
||
| 999 |
_c4392 _d4392 |
||